Normal view
MARC view
Entry Geographic Name
001 - CONTROL NUMBER
- control field: 237672
003 - CONTROL NUMBER IDENTIFIER
- control field: OSt
005 - DATE AND TIME OF LATEST TRANSACTION
- control field: 20250829135818.0
008 - FIXED-LENGTH DATA ELEMENTS
- fixed length control field: 250829|| aca||aabn | a|a d
040 ## - CATALOGING SOURCE
- Original cataloging agency: OSt
- Transcribing agency: OSt
151 ## - HEADING--GEOGRAPHIC NAME
- Geographic name: math and executive planning skills
670 ## - SOURCE DATA FOUND
- Source citation: Work cat.: (OSt)142465: Allen D Bragdon 237652, Exercises for the whole brain, 2010